000 01198nam a22002657a 4500
005 2010021103303.0
008 100211t xxu||||| |||| 00| 0 hin d
010 _aHIN-89057
020 _c125.00
035 _aHN-61403
037 _bPUB
040 _aDPL
_bHN
082 _a
100 _aजैन, रोशनलाल
_95092
245 _aभावना के मेती /
_cरोशनलाल जैन
246 _aBhavana ke moti
_bby Roshan Lal Jain
260 _aजयपुर
_bसाक्षी प्रकाशन
_c2008
270 _a26, शिव मार्किट, माडल टाऊन 'सी ' के पास मालवीय नगर
_bजयपुर
300 _a127पृ
_c22सेमी (सजिल्द)
500 _aसमान ISBN 9788190530293 शीर्षक भक्तिमती मीराँ
650 _aलघु कथाएँ , हिन्दी
_91169
650 _aShort stories , Hindi
_95093
942 _2ddc
_cHN
_mजैनरो
999 _c34488
_d34488